The noble scholar, jurist, historian


 His Excellency Dr. Abdul Wahhab bin Ibrahim Abu Sulaiman, may Allah have mercy on him.


 He was born in Umm Al-Qura in the year 1356 AH.

الجغرافيون والرحالة المسلمون / (Record no. 11500)

MARC details
000 -LEADER
fixed length control field 01261nam a22002891i 4500
003 - CONTROL NUMBER IDENTIFIER
control field SA-RiAUC
005 - DATE AND TIME OF LATEST TRANSACTION
control field 20250908120830.0
008 - FIXED-LENGTH DATA ELEMENTS--GENERAL INFORMATION
fixed length control field 250907s1985 ku g 000 0cara c
040 ## - CATALOGING SOURCE
Original cataloging agency JO-IrYU
Language of cataloging ara
Transcribing agency SA-RiAUC
Description conventions rda
041 1# - LANGUAGE CODE
Language code of text/sound track or separate title ara
Language code of original und
050 14 - LIBRARY OF CONGRESS CALL NUMBER
Item number .M5612 1985
050 #4 - LIBRARY OF CONGRESS CALL NUMBER
Item number .K8 v.73 1985
082 04 - DEWEY DECIMAL CLASSIFICATION NUMBER
Classification number 923.9
090 ## - LOCALLY ASSIGNED LC-TYPE CALL NUMBER (OCLC); LOCAL CALL NUMBER (RLIN)
Classification number (OCLC) (R) ; Classification number, CALL (RLIN) (NR) 923.9
Local cutter number (OCLC) ; Book number/undivided call number, CALL (RLIN) م ي ن
100 1# - MAIN ENTRY--PERSONAL NAME
Personal name مينورسكي، ل. م. ف.
Relator term مؤلف.
245 12 - TITLE STATEMENT
Title الجغرافيون والرحالة المسلمون /
Statement of responsibility, etc. ل. م. ف. مينورسكي ؛ ترجمة عبد الرحمن حميدة.
264 #1 - PRODUCTION, PUBLICATION, DISTRIBUTION, MANUFACTURE, AND COPYRIGHT NOTICE
Place of production, publication, distribution, manufacture الكويت :
Name of producer, publisher, distributor, manufacturer جامعة الكويت، قسم الجغرافيا،
Date of production, publication, distribution, manufacture, or copyright notice 1985
300 ## - PHYSICAL DESCRIPTION
Extent 37 صفحة ؛
Dimensions 24 سم
336 ## - CONTENT TYPE
Content type term نص
Content type code txt
Source rdacontent
Materials specified كتاب
337 ## - MEDIA TYPE
Media type term بدون وسيط
Media type code n
Source rdamedia
338 ## - CARRIER TYPE
Carrier type term مجلد
Carrier type code nc
Source rdacarrier
500 ## - GENERAL NOTE
General note نشرة دورية محكمة تعني بالبحوث الجغرافية يصدرها قسم الجغرافيا بجامعة الكويت والجمعية الجغرافية الكويتية.
650 #7 - SUBJECT ADDED ENTRY--TOPICAL TERM
Topical term or geographic name entry element الرحالة المسلمون
Form subdivision تراجم
Source of heading or term aucsh
700 1# - ADDED ENTRY--PERSONAL NAME
Personal name حميدة، عبد الرحمن،
Dates associated with a name 1922-
Relator term مترجم.
942 ## - ADDED ENTRY ELEMENTS (KOHA)
Source of classification or shelving scheme Dewey Decimal Classification
Koha item type Books
Suppress in OPAC No
949 ## - LOCAL PROCESSING INFORMATION (OCLC)
a SA-JeALM
d 250907
u mohamedma123
n 1
Holdings
Withdrawn status Lost status Source of classification or shelving scheme Damaged status Not for loan Home library Current library Date acquired Total checkouts Full call number Barcode Date last seen Price effective from Koha item type
    Dewey Decimal Classification     DR AbdElwahab Library DR AbdElwahab Library 09/08/2025   923.9 م ي ن 000018660 09/08/2025 09/08/2025 Books